000
00250 a2200097 4500
001
31380
100
_a
Microsoft
245
_a
Microsoft Visual Book six point zero Programmer's Guide
260
_a
Washington
_b
Microsoft
_c
1998
090
_c
21269
_d
21269
942
_a
NUST-CAE
_c
M
_c
12524
999
_c
266453
_d
266453